Vizualizácia bioakustických signálov

Na minha lista:
Detalhes bibliográficos
Autor principal: Trnka, Peter (Author)
Outros Autores: Púčik, Jozef, 1972- (Thesis advisor)
Formato: Manuscrito Livro
Idioma:eslovaco
Publicado em: Bratislava : STU v Bratislave FEI, 2002
Assuntos:
Tags: Adicionar Tag
Sem tags, seja o primeiro a adicionar uma tag!

MARC

LEADER 00000ntm a22000003a 4500
001 stu76063
005 20160719164804.6
008 020611s2002------------------------slo-d
040 |a STU  |b slo 
041 0 |a slo 
100 1 |a Trnka, Peter  |4 aut 
245 1 |a Vizualizácia bioakustických signálov 
260 |a Bratislava :  |b STU v Bratislave FEI,  |c 2002 
300 |a 56 s 
650 7 |a elektronika  |2 stusub 
700 1 |a Púčik, Jozef,  |d 1972-  |4 ths  |u E030  |U FEI Fakulta elektrotechniky a informatiky  |T FEI Ústav elektroniky a fotoniky  |X 1922  |U E030  |Y 549  |7 A000001922